1789 1747 1113 1310 1985 1296 1270 1131 1627 1422 1642 1793 1366 1961 1411 1373 1095 1602 1836 1298 1906 1197 1943 1942 1488 1527 1805 1408 1299 1721 1698 1911 1214 1001 1425 1871 1894 1507 1396 1407 1813 1014 1254 1787 1792 1264 1602 1282 1688 1866 1584 1444 1804 1313 1400 1084 1654 1829 1523 1461 1122 1804 1900 1540 1370 1700 1142 1431 1094 1146 1464 1707 1330 1025 1151 1167 1211 1999 1056 1699 1944 1381 1542 1031 1555 1131 1408 1136 1374 1592 1649 1799 1730 1972 1334 1213 1068 1364 1405 BCNSPRNW ULIB Ver.6.0+V

เปลี่ยนเป็นภาษาไทย

Change to English
 แสดงรายละเอียดบรรณานุกรม
  กลับหน้าหลัก

Brief Record : Get Marc (ISO 2709) : E-mail record : QR code < ปิดหน้าต่าง
LEADER : 00000nam 2200000uu 4500
001    13399121839
003     ULIB
008    121211s2548||||th 000 0 tha d
020    ^a9749930096
060 04 ^aWP100^bต367
245 00 ^aตำรานรีเวชวิทยา /^cเสวก วีระเกียรติ, สฤกพรรณ วิไลลักษณ์,บรรณาธิการ
250    ^aฉบับเรียบเรียงครั้งที่ 3
260    ^aกรุงเทพฯ :^bคณะแพทยศาสตร์โรงพยาบาลรามาธิบดีภาควิชาสูติศาสตร์-นรีเวชวิทยา มหาวิทยาลัยมหิดล,^c2548
300    ^a(10), 580 หน้า :^bภาพประกอบ ;^c26 ชม.
650  2 ^aGynecology
650  7 ^aนรีเวชวิทยา
700 0  ^aเสวก วีระเกียรติ,^eบรรณาธิการ
700 0  ^aสฤกพรรณ วิไลลักษณ์,^eบรรณาธิการ
710 2  ^aมหาวิทยาลัยมหิดล. ^bคณะแพทยศาสตร์โรงพยาบาลรามาธิบดี.^bภาควิชาสูติศาสตร์-นรีเวชวิทยา
945    ^p580^l0^i24741
995    ^aทศพร
999    ^aทศพร เกษรทอง
รายการนี้ยังไม่มีแท็ก
คุณยังไม่ได้ล็อกอิน คุณสามารถมีกิจกรรมร่วมกับเว็บไซต์ได้ แต่ต้องล็อกอินก่อน ::
  ล็อกอิน

รายการสื่อสารสนเทศ

ลำดับที่ ประเภท เลขเรียก/บาร์โค้ด สถานที่ สถานะ
1. วิทยาศาสตร์การแพทย์ และสุขภาพ
วิทยาศาสตร์การแพทย์ และสุขภาพ
WP100 ต367 ฉ.1 
  Barcode: 24741
ห้องสมุดวิทยาเขตสวรรค์ประชารักษ์
►หนังสือทั่วไป
บนชั้น

รายการใกล้เคียง
    หัวเรื่อง [Gynecology]
    หัวเรื่อง [นรีเวชวิทยา]

BibComment


ยังไม่เคยถูกคอมเมนท์

คอมเมนท์ทรัพยากรรายการนี้
  คอมเมนท์: ตำรานรีเวชวิทยา ..


 Copyright 2026. Bcnsprnw @Library